Capacidad jurídica de niñas, niños y adolescentes (Registro nro. 31610)

Detalles MARC
000 -LEADER
fixed length control field 00336 a2200109 4500
001 - CONTROL NUMBER
control field ART_35109
005 - DATE AND TIME OF LATEST TRANSACTION
control field 20260410162005.0
008 - FIXED-LENGTH DATA ELEMENTS--GENERAL INFORMATION
fixed length control field 260409a
100 1# - MAIN ENTRY--PERSONAL NAME
Personal name Olmo, Juan P.
245 10 - TITLE STATEMENT
Title Capacidad jurídica de niñas, niños y adolescentes
773 0# - HOST ITEM ENTRY
Title Temas de derecho civil
Related parts - Año 1, Nº 3 (dic. 2015)
Record control number REV34778

No hay ítems disponibles.